[Event "Al Ain op 3rd"]
[Site "Al Ain"]
[Date "2014.12.25"]
[Round "8"]
[White "Lazarev, Vladimir"]
[Black "Feldman, Vladimir"]
[Result "1/2-1/2"]
[WhiteElo "2387"]
[BlackElo "2168"]
[PlyCount "97"]
[EventDate "2014.12.19"]
[EventType "swiss"]
[EventRounds "9"]
[EventCountry "UAE"]
[SourceTitle "CBM 164 Extra"]
[Source "ChessBase"]
[SourceDate "2015.03.02"]
[SourceVersion "1"]
[SourceVersionDate "2015.03.02"]
[SourceQuality "1"]

1. Nf3 Nf6 2. c4 g6 3. Nc3 Bg7 4. e4 c5 5. d4 cxd4 6. Nxd4 d6 7. Be2 Nc6 8. Be3 0-0 9. 0-0 Bd7 10. Qd2 Nxd4 11. Bxd4 Bc6 12. f3 Nd7 13. Be3 a5 14. b3 Nc5 15. Rab1 Qb6 16. Rfc1 Qb4 17. Rc2 Rfc8 18. Qc1 Qb6 19. a3 Qd8 20. Qd2 b6 21. Bf1 Be5 22. g3 Qf8 23. Nd5 Bxd5 24. exd5 f5 25. b4 axb4 26. axb4 Nd7 27. Rb3 Rc7 28. f4 Bf6 29. Bd4 Qb8 30. Re3 Ra4 31. Rc1 Bxd4 32. Qxd4 Nf6 33. Rce1 Qa7 34. b5 Kf7 35. Re6 Qb8 36. h3 h5 37. Qe3 Raa7 38. Be2 Rab7 39. g4 hxg4 40. hxg4 Qh8 41. gxf5 gxf5 42. Bd3 Ng4 43. Qg3 Qd4+ 44. Kg2 Ra7 45. Bxf5 Ra2+ 46. R1e2 Ra1 47. Re1 Ra2+ 48. R1e2 Ra1 49. Re1 1/2-1/2

[Event "Al Ain op 3rd"]
[Site "Al Ain"]
[Date "2014.12.20"]
[Round "3"]
[White "Baryshpolets, Andrey"]
[Black "Feldman, Vladimir"]
[Result "1-0"]
[WhiteElo "2566"]
[BlackElo "2168"]
[PlyCount "93"]
[EventDate "2014.12.19"]
[EventType "swiss"]
[EventRounds "9"]
[EventCountry "UAE"]
[SourceTitle "CBM 164 Extra"]
[Source "ChessBase"]
[SourceDate "2015.03.02"]
[SourceVersion "1"]
[SourceVersionDate "2015.03.02"]
[SourceQuality "1"]

1. d4 Nf6 2. c4 g6 3. Nf3 Bg7 4. g3 0-0 5. Bg2 d5 6. cxd5 Nxd5 7. 0-0 Nb6 8. Nc3 Nc6 9. e3 Re8 10. Nh4 e5 11. d5 Na5 12. Rb1 g5 13. Nf3 h6 14. Qc2 c6 15. b4 Nac4 16. dxc6 bxc6 17. Nd2 Nxd2 18. Bxd2 Ba6 19. b5 cxb5 20. Bxa8 Qxa8 21. Nxb5 Qf3 22. e4 Rc8 23. Qb3 Qe2 24. Be3 Nc4 25. Rfe1 Qf3 26. Rbc1 Qxe4 27. Bc5 Qd5 28. Qxc4 Qxc4 29. Rxc4 Bxb5 30. Rcc1 a6 31. Bd6 Rxc1 32. Rxc1 e4 33. Rc7 Bd4 34. Bc5 Bf6 35. Kg2 Kg7 36. f3 exf3+ 37. Kxf3 h5 38. Ke3 Kg6 39. Bd4 Ba4 40. Ra7 Bxd4+ 41. Kxd4 Bb5 42. a4 Be2 43. Ke3 Bf1 44. Kf2 Bc4 45. Rc7 Bd5 46. Rd7 Bc4 47. Rd4 1-0

[Event "Oceania zt"]
[Site "Nadi"]
[Date "2013.05.09"]
[Round "8"]
[White "Smith, Robert Wayne"]
[Black "Feldman, Vladimir"]
[Result "1/2-1/2"]
[WhiteElo "2227"]
[BlackElo "2233"]
[PlyCount "79"]
[EventDate "2013.05.05"]
[EventType "swiss"]
[EventRounds "9"]
[EventCountry "FIJ"]
[SourceTitle "CBM 154 Extra"]
[Source "ChessBase"]
[SourceDate "2013.06.25"]
[SourceVersion "2"]
[SourceVersionDate "2013.06.25"]
[SourceQuality "1"]

1. d4 Nf6 2. c4 g6 3. Nc3 Bg7 4. e4 d6 5. Nf3 0-0 6. Be2 e5 7. Be3 Ng4 8. Bg5 f6 9. Bh4 g5 10. Bg3 Nh6 11. d5 Nd7 12. 0-0 f5 13. exf5 Nxf5 14. Nd2 a5 15. Nde4 b6 16. b3 Nc5 17. Rb1 Nd4 18. Bg4 h6 19. Nxc5 bxc5 20. Ne4 Bxg4 21. Qxg4 Qe8 22. Rfe1 Rf5 23. Qd1 Qg6 24. f3 h5 25. Bf2 g4 26. fxg4 hxg4 27. Bxd4 cxd4 28. Qd3 Rf3 29. Qd1 Rf4 30. Ng3 e4 31. Ne2 Qf6 32. Nxf4 Qxf4 33. g3 Qf5 34. Rf1 Qe5 35. Qxg4 d3 36. Rf5 Qd4+ 37. Kg2 Re8 38. Qg6 Re7 39. Rbf1 Qb2+ 40. Kh3 1/2-1/2

[Event "World Cities-ch GpC"]
[Site "Al Ain"]
[Date "2012.12.23"]
[Round "2.2"]
[White "Feldman, Vladimir"]
[Black "Neiksans, Arturs"]
[Result "1/2-1/2"]
[WhiteElo "2230"]
[BlackElo "2534"]
[PlyCount "177"]
[EventDate "2012.12.22"]
[EventType "team-tourn"]
[EventRounds "3"]
[EventCountry "UAE"]
[SourceTitle "CBM 152"]
[Source "ChessBase"]
[SourceDate "2013.01.15"]
[SourceVersion "1"]
[SourceVersionDate "2013.01.15"]
[SourceQuality "1"]
[WhiteTeam "Canberra"]
[BlackTeam "Riga"]
[WhiteTeamCountry "AUS"]
[BlackTeamCountry "LAT"]

1. d4 Nf6 2. Nf3 e6 3. g3 b6 4. Bg2 Bb7 5. 0-0 c5 6. dxc5 bxc5 7. c4 Be7 8. Nc3 0-0 9. Qc2 Nc6 10. Rd1 Qb6 11. Bg5 Rfd8 12. a3 Na5 13. Nd2 Bxg2 14. Kxg2 Rab8 15. Rab1 Qc6+ 16. Kg1 d5 17. cxd5 exd5 18. b3 h6 19. Bxf6 Bxf6 20. e4 dxe4 21. Ncxe4 Bd4 22. Rdc1 Qd5 23. b4 cxb4 24. axb4 Nb7 25. Nb3 Bb6 26. Nec5 Nxc5 27. bxc5 Bc7 28. Rd1 Qf3 29. Rxd8+ Rxd8 30. Re1 g6 31. Nd2 Qc6 32. Qc3 Rd5 33. Ne4 Re5 34. Qb4 f5 35. Nd6 Bxd6 36. cxd6 Rxe1+ 37. Qxe1 Qxd6 38. Qa5 Qd7 39. h4 Kh7 40. Qa6 h5 41. Qa5 Qb7 42. Qd8 Qf7 43. Qa5 Qe7 44. Qa6 Qc7 45. Kg2 Qb6 46. Qc8 Kg7 47. Qe8 Qb7+ 48. Kh2 Qc7 49. Qa4 a5 50. Qd4+ Kh7 51. Kg1 Qe7 52. Kh2 Qg7 53. Qa4 Qa7 54. Kg1 Qc7 55. Qd4 Qb7 56. Kh2 Qe7 57. Qa4 Qe5 58. Qd7+ Kh6 59. Qa4 Qc5 60. Kg1 Qb6 61. Qe8 Qf6 62. Qe3+ f4 63. gxf4 Qxh4 64. Qe5 Qd8 65. Qb5 Kg7 66. Qb7+ Kf6 67. Qb2+ Kf7 68. Qb3+ Kg7 69. Qb7+ Kh6 70. Qb5 Qd1+ 71. Kh2 Qd4 72. Qg5+ Kh7 73. Qe7+ Qg7 74. Qa3 Qc7 75. Kg2 Qb7+ 76. Kg3 Qb4 77. Qd3 Qe7 78. Qb5 Qa3+ 79. f3 Qa1 80. Qd7+ Qg7 81. Qb5 Qc7 82. Qe8 Kg7 83. Qb5 Qa7 84. Qa4 Qg1+ 85. Kh3 Qh1+ 86. Kg3 h4+ 87. Kg4 Qh2 88. Qd4+ Kf7 89. Qd7+ 1/2-1/2

[Event "World Cities-ch GpC"]
[Site "Al Ain"]
[Date "2012.12.22"]
[Round "1.6"]
[White "Feldman, Vladimir"]
[Black "Kryvoruchko, Yuriy"]
[Result "0-1"]
[WhiteElo "2230"]
[BlackElo "2671"]
[PlyCount "78"]
[EventDate "2012.12.22"]
[EventType "team-tourn"]
[EventRounds "3"]
[EventCountry "UAE"]
[SourceTitle "CBM 152"]
[Source "ChessBase"]
[SourceDate "2013.01.15"]
[SourceVersion "1"]
[SourceVersionDate "2013.01.15"]
[SourceQuality "1"]
[WhiteTeam "Canberra"]
[BlackTeam "Lvov"]
[WhiteTeamCountry "AUS"]
[BlackTeamCountry "UKR"]

1. d4 Nf6 2. c4 e6 3. g3 c5 4. d5 exd5 5. cxd5 d6 6. Bg2 g6 7. Nf3 Bg7 8. Nc3 0-0 9. 0-0 Re8 10. Nd2 a6 11. a4 Nbd7 12. h3 Rb8 13. Nc4 Ne5 14. Na3 Nh5 15. e4 Bd7 16. a5 Qxa5 17. g4 Nf6 18. f4 Nexg4 19. hxg4 Nxg4 20. f5 Ne5 21. f6 Bh8 22. Bf4 Bxf6 23. Nc4 Qc7 24. Bxe5 Bxe5 25. Nxe5 Rxe5 26. Qf3 Rf8 27. Qf6 Bc8 28. Rf2 c4 29. Ne2 Qc5 30. Bf3 h6 31. Nf4 c3 32. b3 Qe3 33. Raa2 Bf5 34. Ng2 Qc5 35. Rae2 a5 36. Nf4 Qd4 37. exf5 c2 38. Rxc2 Re1+ 39. Kg2 Qxf6 0-1

[Event "Oceania zt"]
[Site "Rotorua"]
[Date "2011.01.31"]
[Round "9"]
[White "Zhao, Zong Yuan"]
[Black "Feldman, Vladimir"]
[Result "1-0"]
[WhiteElo "2586"]
[BlackElo "2262"]
[PlyCount "59"]
[EventDate "2011.01.25"]
[EventType "swiss"]
[EventRounds "9"]
[EventCountry "NZL"]
[SourceTitle "CBM 140 Extra"]
[Source "ChessBase"]
[SourceDate "2011.03.01"]
[SourceVersion "1"]
[SourceVersionDate "2011.03.01"]
[SourceQuality "1"]

1. d4 Nf6 2. c4 g6 3. f3 d5 4. cxd5 Nxd5 5. e4 Nb6 6. Nc3 Bg7 7. Be3 0-0 8. f4 f5 9. e5 e6 10. Nf3 Nc6 11. Qb3 Ne7 12. Rc1 a5 13. a4 Nbd5 14. Nxd5 Nxd5 15. Bc4 b6 16. Bxd5 exd5 17. Kf2 Bb7 18. h4 h5 19. Qb5 Re8 20. Rc6 Bxc6 21. Qxc6 Qe7 22. Ng5 Bh6 23. Qxg6+ Qg7 24. Qxf5 Re7 25. Rh3 Rf8 26. Qd3 Bxg5 27. hxg5 c5 28. Rf3 c4 29. Qc2 Qh7 30. g6 1-0

[Event "Oceania zt"]
[Site "Rotorua"]
[Date "2011.01.30"]
[Round "8"]
[White "Feldman, Vladimir"]
[Black "Xie, George Wendi"]
[Result "1-0"]
[WhiteElo "2262"]
[BlackElo "2478"]
[PlyCount "99"]
[EventDate "2011.01.25"]
[EventType "swiss"]
[EventRounds "9"]
[EventCountry "NZL"]
[SourceTitle "CBM 140 Extra"]
[Source "ChessBase"]
[SourceDate "2011.03.01"]
[SourceVersion "1"]
[SourceVersionDate "2011.03.01"]
[SourceQuality "1"]

1. d4 d5 2. Nf3 c6 3. c4 Nf6 4. Nc3 g6 5. e3 Bg7 6. Be2 0-0 7. 0-0 a6 8. a4 a5 9. Qb3 e6 10. Ne5 Na6 11. f4 c5 12. Bf3 cxd4 13. exd4 dxc4 14. Qxc4 Nb4 15. Rd1 Ra6 16. Nb5 Nfd5 17. Bd2 Rc6 18. Qb3 Qb6 19. Bxb4 Nxb4 20. Bxc6 bxc6 21. Na3 Rd8 22. Qe3 Bb7 23. Rac1 Bh6 24. Qf2 Nd5 25. Nac4 Qc7 26. g3 Bf8 27. Nd3 c5 28. dxc5 Nb4 29. Nce5 Rxd3 30. Rxd3 Nxd3 31. Nxd3 Qc6 32. Kf1 Ba6 33. Rc3 Bg7 34. Rb3 Qd5 35. Qc2 Bd4 36. c6 Qh1+ 37. Ke2 Bf2 38. Rb8+ Kg7 39. Qc3+ Kh6 40. Kxf2 Qxh2+ 41. Kf3 Qh5+ 42. Ke3 Qd1 43. Qd2 Qh1 44. Ne5 Qg1+ 45. Kf3 Qf1+ 46. Qf2 Qh1+ 47. Ke3 Qc1+ 48. Kd4 f6 49. Qe3 fxe5+ 50. fxe5+ 1-0

[Event "Oceania zt"]
[Site "Rotorua"]
[Date "2011.01.28"]
[Round "6"]
[White "Feldman, Vladimir"]
[Black "Cheng, Bobby Sky"]
[Result "1/2-1/2"]
[WhiteElo "2262"]
[BlackElo "2335"]
[PlyCount "60"]
[EventDate "2011.01.25"]
[EventType "swiss"]
[EventRounds "9"]
[EventCountry "NZL"]
[SourceTitle "CBM 140 Extra"]
[Source "ChessBase"]
[SourceDate "2011.03.01"]
[SourceVersion "1"]
[SourceVersionDate "2011.03.01"]
[SourceQuality "1"]

1. d4 e6 2. c4 b6 3. Nc3 Bb7 4. a3 g6 5. d5 Bg7 6. g3 f5 7. Bd2 Nf6 8. Bg2 0-0 9. Nh3 a5 10. Rb1 Na6 11. b4 axb4 12. axb4 c5 13. bxc5 Nxc5 14. 0-0 e5 15. e4 Ne8 16. Be3 Nd6 17. Qe2 Ba6 18. Bxc5 Bxc4 19. Bxd6 Bxe2 20. Nxe2 Re8 21. Nc3 Bf8 22. Nb5 Qf6 23. Bxf8 Rxf8 24. Rb2 fxe4 25. Nc3 Rfb8 26. Nxe4 Qd8 27. Nhg5 b5 28. Nf3 d6 29. Nfd2 Qc7 30. Rfb1 Kg7 1/2-1/2

[Event "AUS-ch Major"]
[Site "Cammeray"]
[Date "2011.01.13"]
[Round "11"]
[White "Feldman, Vladimir"]
[Black "Zulfic, Fedja"]
[Result "1-0"]
[WhiteElo "2262"]
[BlackElo "2024"]
[PlyCount "77"]
[EventDate "2011.01.02"]
[EventType "swiss"]
[EventRounds "11"]
[EventCountry "AUS"]
[SourceTitle "CBM 140 Extra"]
[Source "ChessBase"]
[SourceDate "2011.03.01"]
[SourceVersion "1"]
[SourceVersionDate "2011.03.01"]
[SourceQuality "1"]

1. d4 Nf6 2. Nf3 g6 3. c4 c5 4. d5 b5 5. cxb5 a6 6. bxa6 Bxa6 7. Nc3 d6 8. g3 Bg7 9. Bg2 Nbd7 10. Rb1 Nb6 11. b3 Bc8 12. Nh4 h6 13. Qc2 Qd7 14. 0-0 g5 15. Nf3 Qf5 16. e4 Qg6 17. Bb2 0-0 18. Rfc1 Bb7 19. a4 Rfb8 20. Ba1 e6 21. dxe6 fxe6 22. Nd2 d5 23. Nb5 c4 24. Nc7 Qf7 25. Nxa8 Rxa8 26. exd5 Bxd5 27. Nxc4 Bxg2 28. Kxg2 Nbd5 29. Qe2 Rf8 30. Re1 Nh5 31. Kg1 Nhf4 32. gxf4 Nxf4 33. Qf3 Qf5 34. Kh1 g4 35. Qe4 Qh5 36. Bxg7 Nh3 37. Qxe6+ Rf7 38. Bd4 Ng5 39. Qe8+ 1-0

[Event "AUS-ch"]
[Site "Sydney"]
[Date "2010.01.13"]
[Round "11"]
[White "Lane, Gary William"]
[Black "Feldman, Vladimir"]
[Result "1-0"]
[WhiteElo "2377"]
[BlackElo "2271"]
[PlyCount "85"]
[EventDate "2010.01.02"]
[EventType "swiss"]
[EventRounds "11"]
[EventCountry "AUS"]
[SourceTitle "CBM 134 Extra"]
[Source "ChessBase"]
[SourceDate "2010.03.03"]
[SourceVersion "1"]
[SourceVersionDate "2010.03.03"]
[SourceQuality "1"]

1. e4 c5 2. Nc3 a6 3. f4 d6 4. Nf3 Nf6 5. g3 Nc6 6. Bg2 g6 7. d3 Bg7 8. 0-0 0-0 9. h3 Nd7 10. f5 b5 11. a3 Rb8 12. g4 Nd4 13. Nxd4 cxd4 14. Ne2 Bb7 15. Bf4 Rc8 16. Qd2 Qb6 17. Rf2 a5 18. b4 a4 19. Raf1 Rc7 20. Bh6 Ne5 21. Bxg7 Kxg7 22. g5 Rfc8 23. f6+ Kf8 24. Qf4 e6 25. Qh4 Rxc2 26. Qxh7 Ke8 27. Nf4 Rxf2 28. Rxf2 Rc1+ 29. Kh2 Qc7 30. Nxe6 Qc8 31. Nf4 Qc7 32. Ne6 Qc8 33. Nxd4 Kd7 34. Ne2 Rc2 35. d4 Qe8 36. dxe5 Qxe5+ 37. Kg1 Qa1+ 38. Rf1 Qa2 39. Bf3 Bxe4 40. Bxe4 Rxe2 41. Bf3 Rc2 42. Re1 Kc7 43. Qg8 1-0

[Event "AUS-ch"]
[Site "Sydney"]
[Date "2010.01.12"]
[Round "10"]
[White "Feldman, Vladimir"]
[Black "Morris, James"]
[Result "1/2-1/2"]
[WhiteElo "2271"]
[BlackElo "2305"]
[PlyCount "21"]
[EventDate "2010.01.02"]
[EventType "swiss"]
[EventRounds "11"]
[EventCountry "AUS"]
[SourceTitle "CBM 134 Extra"]
[Source "ChessBase"]
[SourceDate "2010.03.03"]
[SourceVersion "1"]
[SourceVersionDate "2010.03.03"]
[SourceQuality "1"]

1. d4 f5 2. Nf3 Nf6 3. g3 b6 4. Bg2 Bb7 5. 0-0 e6 6. c4 a5 7. d5 Na6 8. Nc3 Bb4 9. Qc2 0-0 10. dxe6 dxe6 11. Bf4 1/2-1/2

[Event "Oceania zt"]
[Site "Gold Coast"]
[Date "2009.06.26"]
[Round "9"]
[White "Feldman, Vladimir"]
[Black "Lane, Gary William"]
[Result "0-1"]
[WhiteElo "2298"]
[BlackElo "2371"]
[PlyCount "116"]
[EventDate "2009.06.20"]
[EventType "swiss"]
[EventRounds "9"]
[EventCountry "AUS"]
[SourceTitle "CBM 130 Extra"]
[Source "ChessBase"]
[SourceDate "2009.07.02"]
[SourceVersion "2"]
[SourceVersionDate "2009.07.15"]
[SourceQuality "1"]

1. d4 d5 2. c4 c6 3. Nf3 Nf6 4. Nbd2 e6 5. e3 c5 6. Bd3 Nc6 7. cxd5 exd5 8. dxc5 Bxc5 9. a3 a5 10. 0-0 0-0 11. h3 Re8 12. b3 Qe7 13. Bb2 Ne4 14. Re1 f5 15. Nf1 Be6 16. Nd4 Rac8 17. Nd2 Ba7 18. N2f3 Bb8 19. Bb5 Red8 20. Nxc6 bxc6 21. Ba6 Rc7 22. Rc1 c5 23. Qe2 Ra7 24. Bb5 Bf7 25. Nh2 Qg5 26. Nf3 Qe7 27. Nh2 Rd6 28. f3 Ng5 29. Kh1 Rh6 30. f4 Ne4 31. Kg1 Qh4 32. Rf1 Ng3 33. Qf2 Nxf1 34. Qxh4 Rxh4 35. Kxf1 Bd6 36. Nf3 Rh6 37. Be5 Bxe5 38. Nxe5 Rc7 39. Ke2 Rd6 40. Kd3 g6 41. g4 fxg4 42. hxg4 Kf8 43. Rh1 Be8 44. Bxe8 Kxe8 45. g5 Kf8 46. Kc2 Rb7 47. Ng4 Kg7 48. Nf6 Rxf6 49. gxf6+ Kxf6 50. Rd1 Ke6 51. Kc3 Rd7 52. Re1 Kf5 53. Kd3 Rb7 54. Kc3 Ke4 55. Rd1 h5 56. Re1 h4 57. Rh1 Rh7 58. Rh3 Kf5 0-1

[Event "WMSG Rapid Team 1st"]
[Site "Beijing"]
[Date "2008.10.16"]
[Round "7"]
[White "Genutis, Mindaugas"]
[Black "Feldman, Vladimir"]
[Result "0-1"]
[WhiteElo "2325"]
[BlackElo "2298"]
[PlyCount "96"]
[EventDate "2008.10.14"]
[EventType "team (rapid)"]
[EventRounds "9"]
[EventCountry "CHN"]
[SourceTitle "CBM 126 Extra"]
[Source "ChessBase"]
[SourceDate "2008.11.05"]
[SourceVersion "1"]
[SourceVersionDate "2008.11.05"]
[SourceQuality "1"]

1. d4 Nf6 2. c4 g6 3. Nc3 d5 4. cxd5 Nxd5 5. e4 Nxc3 6. bxc3 Bg7 7. Nf3 c5 8. Rb1 0-0 9. Be2 Nc6 10. d5 Ne5 11. Nxe5 Bxe5 12. Qd2 e6 13. f4 Bc7 14. 0-0 exd5 15. exd5 Ba5 16. Ba3 b6 17. Bf3 Bf5 18. Rbd1 Qf6 19. Bb4 Bxb4 20. cxb4 Qd6 21. bxc5 Qxc5+ 22. Kh1 Rad8 23. Rfe1 Rfe8 24. h3 Rxe1+ 25. Rxe1 Bc8 26. Re5 f6 27. Re1 Bb7 28. Qb2 Qd6 29. f5 Bc8 30. fxg6 hxg6 31. Qc2 Bf5 32. Qa4 a5 33. Rc1 Qg3 34. Rf1 Kg7 35. Qc6 Qd6 36. Qb7+ Rd7 37. Qa6 Rc7 38. Qb5 Rc2 39. Qa6 Bxh3 40. Qb7+ Kh6 41. Qf7 Qg3 42. Qf8+ Kg5 43. Rg1 Bf5 44. Qh8 Rxa2 45. d6 Rd2 46. Rf1 Qh4+ 47. Qxh4+ Kxh4 48. g4 Bd7 0-1

[Event "Doeberl Cup 46th"]
[Site "Canberra"]
[Date "2008.03.22"]
[Round "5"]
[White "Feldman, Vladimir"]
[Black "Lane, Gary William"]
[Result "1/2-1/2"]
[WhiteElo "2301"]
[BlackElo "2412"]
[PlyCount "39"]
[EventDate "2008.03.20"]
[EventType "swiss"]
[EventRounds "9"]
[EventCountry "AUS"]
[SourceTitle "CBM 123 Extra"]
[Source "ChessBase"]
[SourceDate "2008.05.06"]
[SourceVersion "1"]
[SourceVersionDate "2008.05.06"]
[SourceQuality "1"]

1. d4 Nf6 2. c4 g6 3. Nc3 Bg7 4. e4 d6 5. Nf3 0-0 6. h3 Na6 7. Bg5 e5 8. d5 c6 9. Be2 Bd7 10. 0-0 Rc8 11. Rb1 h6 12. Be3 cxd5 13. cxd5 Nc5 14. Nd2 a5 15. a3 b5 16. Nxb5 Ncxe4 17. Nxe4 Nxe4 18. Na7 Ra8 19. Qc2 Nf6 20. Rbd1 1/2-1/2